000 00612nam a2200253 a 4500
001 nice12345678
003 IN_TiNIC
005 20260116011318.0
008 050524s1916 mada grp 000 0 eng
020 _a
_c100
082 0 0 _a297.53
_bANW
100 _aAnwar-Ul, Haqq
245 _aMuslim Fast
260 _aMadras
_bChristian Literature Society
_c1916
300 _a20p
500 _aincludes index and biblioraphy
505 2 _aAppendix, Indices
650 _aRamadan
650 _aComparative Religion-Fasting
700 1 _aAnwar-Ul, Haqq
902 _bSRS
942 _cBK
999 _c407
_d407